ბათუმის შოთა რუსთაველის სახელმწიფო უნივერსიტეტის ბიბლიოთეკა

ჩანაწერი Corporate Name

ჩანაწერთა რაოდენობა, რომელიც გამოყენებულია: 1

001 - CONTROL NUMBER

  • control field: 22838

003 - CONTROL NUMBER IDENTIFIER

  • control field: GE_BSU

005 - DATE AND TIME OF LATEST TRANSACTION

  • control field: 20240716164246.0

008 - FIXED-LENGTH DATA ELEMENTS

  • fixed length control field: 240716|| aca||aabn | a|a d

040 ## - CATALOGING SOURCE

  • Original cataloging agency: GE_BSU
  • Transcribing agency: GE_BSU

110 ## - HEADING--CORPORATE NAME

  • Corporate name or jurisdiction name as entry element: ივანე ჯავახიშვილის სახელობის თბილისის სახელმწიფო უნივერსიტეტი

670 ## - SOURCE DATA FOUND

  • Source citation: Work cat.: (GE_BSU)46196: კიკნაძე, ზურაბ 22837, ქართული ფოლკლორი = Georgian Folklore /